[Event "Olympiad-45"]
[Site "Budapest"]
[Date "2024.09.16"]
[Round "6.84"]
[White "Ibrahim Imran, Saeed"]
[Black "Skinner, Francis"]
[Result "1-0"]
[WhiteElo "1697"]
[BlackElo "1628"]
[PlyCount "51"]
[EventDate "2024.09.11"]
[EventType "team-swiss"]
[EventRounds "11"]
[EventCountry "HUN"]
[SourceTitle "EXT 2025"]
[Source "ChessBase"]
[SourceDate "2024.10.14"]
[SourceVersion "1"]
[SourceVersionDate "2024.10.14"]
[SourceQuality "1"]
[WhiteTeam "Maldives"]
[BlackTeam "Bahamas"]
[WhiteTeamCountry "MDV"]
[BlackTeamCountry "BAH"]

1. e4 c5 2. Nf3 d6 3. d4 cxd4 4. Nxd4 Nf6 5. Nc3 a6 6. Bd3 Nbd7 7. f4 e6 8. Be3 Be7 9. 0-0 0-0 10. a4 Qc7 11. g4 Nc5 12. g5 Nxd3 13. cxd3 Nd7 14. Qh5 g6 15. Qe2 b6 16. h4 Re8 17. h5 Bb7 18. hxg6 hxg6 19. Qh2 Bf8 20. Nf3 Bg7 21. Rac1 Qd8 22. Bd4 Nc5 23. Bxg7 Kxg7 24. Qh6+ Kg8 25. Rc2 f6 26. Rh2 1-0